Statistiken für Schwenninger Wild Wings - 2023/24

Klicken Sie hier um das Quiz zu spielen!

Allgemein

  • Dieses Quiz wurde 11 mal gespielt
  • Das Durchschnittsergebnis liegt bei 6 aus 24

Antwortstatistiken

HintAntwort% Korrekt
#51Cody Brenner
67%
#60Joacim Eriksson
67%
#90Tylor Spink
67%
#96Tyson Spink
67%
#47Alexander Karachun
50%
#88Kyle Platzer
50%
#77Daniel Pfaffengut
33%
#94Phil Hungerecker
33%
#93Sebastian Uvira
33%
#54Ben Marshall
17%
#64Boaz Bassen
17%
#18Daniel Neumann
17%
#6Daryl Boyle
17%
#15Filip Reisnecker
17%
#52Johannes Huß
17%
#50Peter Spornberger
17%
#9Philip Feist
17%
#37Thomas Larkin
17%
#78Will Weber
17%
#53Alex Trivellato
0%
#7Kai Zernikel
0%
#40Ken Andre Olimb
0%
#23Max Görtz
0%
#89Zach Senyshyn
0%

Verteilung der Resultate

Perzentil nach korrekt beantworteten Fragen

Anzahl Personen mit jedem Resultat

Ihre Resultats-Entwicklung

Sie haben dieses Quiz noch nicht gespielt